| 000 | 00670 a2200193 4500 | ||
|---|---|---|---|
| 999 |
_c7547 _d7547 |
||
| 020 | _a0324375654 | ||
| 050 | 0 | 0 | _aHF5636 BAZ 2007 |
| 100 |
_aBazley, John D. _eauthor |
||
| 245 | 0 | 0 |
_aIntermediate accounting / _cJohn D. Bazley, Loren A. Nikolai and Jefferson P. Jones |
| 250 | _a10th | ||
| 264 |
_aBoston : _bThomson / South-Western, _c2007 |
||
| 300 |
_axxviii, 1240pages : _bill. ; |
||
| 500 | _aIncludes bibliographical references and indexes. | ||
| 504 | _aIncludes bibliographical references and indexes. | ||
| 650 | 0 | _aAccounting. | |
| 700 | 1 |
_aNikolai, Loren A. _eauthor |
|
| 700 | 1 |
_aJones, Jefferson P. _eauthor |
|
| 942 |
_2lcc _cBK _e10th edition _h5636 _iBAZ _kHF |
||